The Brutal takeover : The Austria ex- Chancellor's account of the Anschluss of Austria by Hitler
সংরক্ষণ করুন:
| প্রধান লেখক: | |
|---|---|
| বিন্যাস: | গ্রন্থ |
| ভাষা: | Undetermined |
| প্রকাশিত: |
London
Weidenfeld and Nicolson
1971
|
| বিষয়গুলি: | |
| ট্যাগগুলো: |
ট্যাগ যুক্ত করুন
কোনো ট্যাগ নেই, প্রথমজন হিসাবে ট্যাগ করুন!
|
| Thư viện lưu trữ: | Trung tâm Học liệu Trường Đại học Cần Thơ |
|---|
| LEADER | 00637nam a2200217Ia 4500 | ||
|---|---|---|---|
| 001 | CTU_82433 | ||
| 008 | 210402s9999 xx 000 0 und d | ||
| 082 | |a 943.6 | ||
| 082 | |b S395 | ||
| 100 | |a Schuschnigg, Kurt Von | ||
| 245 | 4 | |a The Brutal takeover : | |
| 245 | 4 | |b The Austria ex- Chancellor's account of the Anschluss of Austria by Hitler | |
| 245 | 0 | |c Kurt Von Schuschnigg | |
| 260 | |a London | ||
| 260 | |b Weidenfeld and Nicolson | ||
| 260 | |c 1971 | ||
| 650 | |a Austria | ||
| 650 | |x Politics and government | ||
| 650 | |y 1918- 1938 | ||
| 904 | |i Mai Loan,Hải | ||
| 980 | |a Trung tâm Học liệu Trường Đại học Cần Thơ | ||